Funkčná a inštitucionálna štruktúra dohľadu a regulácie sektora finančných služieb

Problematika finančného reguľovania. Štruktúra finančného dohľadu. Alternatívy v prístupoch k finančnej štruktúre finančného dohľadu. Štruktúra dohľadu v Austrálii. Integrovaný verzus špecializovaný finančný dohľad. Regulácia finančného sektora v EÚ.

Guardado en:
Detalles Bibliográficos
Autor principal: Tözsér, Tomáš
Formato: Capítulo de libro
Lenguaje:eslovaco
Materias:
Etiquetas: Agregar Etiqueta
Sin Etiquetas, Sea el primero en etiquetar este registro!

MARC

LEADER 00000naa a2200000 4500
001 r048230
005 20230918082343.6
041 0 |a slo 
044 |a SK 
245 1 0 |a Funkčná a inštitucionálna štruktúra dohľadu a regulácie sektora finančných služieb  |c Tomáš Tözsér 
520 |a Problematika finančného reguľovania. Štruktúra finančného dohľadu. Alternatívy v prístupoch k finančnej štruktúre finančného dohľadu. Štruktúra dohľadu v Austrálii. Integrovaný verzus špecializovaný finančný dohľad. Regulácia finančného sektora v EÚ. 
610 2 0 |a regulácia 
610 2 0 |a služby finančné 
610 2 0 |a organizácie finančné 
610 2 0 |a Austrália 
610 2 0 |a Európska únia 
610 2 0 |a bankovníctvo 
610 2 0 |a podnikanie 
100 1 |a Tözsér, Tomáš